000 00818nam a2200193 a 4500
001 000001846
005 20200929145728.0
008 090629s2004 cu abc 000 0 spa d
020 _a9592112630
040 _aDO-SdBNP
245 0 0 _aChe y Fidel :
_buna amistad entrañable /
_cselección y organización de textos e investigadores Juan Carlos Rodríguez Cruz, Marilyn Rodríguez ; edición Martha Pon.
260 _aLa Habana :
_bCapitan San Luis,
_c2004.
300 _a[s.p.] :
_bil., retrs., mapas ;
_c30 cm.
500 _aIncluye notas al pie de las paginas
700 1 _aRodríguez Cruz, Juan Carlos
_eselección, organización de textos e investigador
_95912
700 1 _aRodríguez, Marilyn
_eselección, organización de textos, ed. e investigación
_96006
700 1 _aPon, Martha
_eed.
_96007
049 _aBNPHD
999 _c1723
_d1723